Kanji z pierwiastkiem owada (虫) - Statystyki

Ogólne statystyki
  • Ten quiz został rozwiązany 2 razy
  • Średni wynik to 10 z 25
Statystyki odpowiedzi
Kanji Znaczenie % Poprawnych
owad
100%
ćma
50%
cykada
50%
dotyk, kontakt
50%
kokon
50%
komar
50%
krab
50%
larwa jedwabnika
50%
miód
50%
motyl
50%
mrówka
50%
ośmiornica
50%
pojedynczy, sam
50%
pszczoła
50%
skorpion
50%
tęcza
50%
wąż
50%
żaba
50%
barbarzyńca
0%
hałaśliwy
0%
nieczystość
0%
rozpuszczanie
0%
silny
0%
ślimak, spirala
0%
świetlik
0%
Nie znaleziono quizów pasujących do podanych kryteriów
Rozkład punktacji
Procent ludzi z każdym wynikiem
Percentyl według liczby udzielonych odpowiedzi
Twoja historia wyników
Nie rozwiązałeś tego quizu